000 01133cam a2200337 a 4500
001 604782
003 SISC
005 20160316132229.0
008 910509s1991 nyuaf bk 000 0beng
010 _a 91150868
020 _a0440210135 :
_c$3.50 ($4.25 Can.)
040 _aDLC
_cDLC
_dDLC
043 _an-us---
050 0 0 _aML420.V274
_bB4 1991
082 0 0 _aHS 920.782
_aB39 1991
100 1 _aBego, Mark.
_913130
245 1 0 _aIce, Ice, Ice :
_bthe extraordinary Vanilla Ice story /
_cMark Bego.
260 _aNew York, N.Y. :
_bDell Pub.,
_cc1991.
300 _a104 p., [16] p. of plates :
_bill. ;
_c17 cm.
500 _a"February 1991"--T.p. verso.
504 _aDiscography (p. 99-100).
504 _aIncludes bibliographical references (p. 101-102).
526 _c1000L to 1310L
600 0 0 _aVanilla Ice.
_913131
650 0 _aRap musicians
_zUnited States
_xBiography.
_913132
740 0 _aExtraordinary Vanilla Ice story.
906 _a7
_bcbc
_corignew
_d2
_encip
_f19
_gy-gencatlg
942 _2lcc
_cBK
999 _c9299
_d9299